Neue Erkenntnisse der Gehirnforschung und ihre Bedeutung für frühes Lernen
Gespeichert in:
| Hauptverfasser: | , |
|---|---|
| Dokumenttyp: | Kapitel/Artikel |
| Sprache: | Deutsch |
| Veröffentlicht: |
2014
|
| In: |
Handbuch Frühe Kindheit
Year: 2014, Pages: 121-132 |
| Online-Zugang: |
|
| Verfasserangaben: | Stefanie Höhl, Sabina Pauen |
MARC
| LEADER | 00000caa a22000002c 4500 | ||
|---|---|---|---|
| 001 | 1521520003 | ||
| 003 | DE-627 | ||
| 005 | 20220812101113.0 | ||
| 007 | tu | ||
| 008 | 151109s2014 xx ||||| 00| ||ger c | ||
| 035 | |a (DE-627)1521520003 | ||
| 035 | |a (DE-576)451520009 | ||
| 035 | |a (DE-599)BSZ451520009 | ||
| 035 | |a (OCoLC)1340717314 | ||
| 040 | |a DE-627 |b ger |c DE-627 |e rakwb | ||
| 041 | |a ger | ||
| 084 | |a 11 |2 sdnb | ||
| 100 | 1 | |a Höhl, Stefanie |d 1983- |0 (DE-588)137324502 |0 (DE-627)591610310 |0 (DE-576)302912789 |4 aut | |
| 245 | 1 | 0 | |a Neue Erkenntnisse der Gehirnforschung und ihre Bedeutung für frühes Lernen |c Stefanie Höhl, Sabina Pauen |
| 264 | 1 | |c 2014 | |
| 300 | |a 12 | ||
| 336 | |a Text |b txt |2 rdacontent | ||
| 337 | |a ohne Hilfsmittel zu benutzen |b n |2 rdamedia | ||
| 338 | |a Band |b nc |2 rdacarrier | ||
| 700 | 1 | |a Pauen, Sabina |d 1963- |0 (DE-588)132046105 |0 (DE-627)517296632 |0 (DE-576)298913135 |4 aut | |
| 773 | 0 | 8 | |i In |t Handbuch Frühe Kindheit |d Opladen : Budrich, 2014 |g (2014), Seite 121-132 |h 746 Seiten |w (DE-627)1603923721 |w (DE-576)385349467 |z 3866494319 |z 9783866494312 |7 nnam |a Neue Erkenntnisse der Gehirnforschung und ihre Bedeutung für frühes Lernen |
| 773 | 1 | 8 | |g year:2014 |g pages:121-132 |g extent:12 |a Neue Erkenntnisse der Gehirnforschung und ihre Bedeutung für frühes Lernen |
| 951 | |a AR | ||
| 992 | |a 20151109 | ||
| 993 | |a BookComponentPart | ||
| 994 | |a 2014 | ||
| 998 | |g 132046105 |a Pauen, Sabina |m 132046105:Pauen, Sabina |d 100000 |d 100200 |e 100000PP132046105 |e 100200PP132046105 |k 0/100000/ |k 1/100000/100200/ |p 2 |y j | ||
| 998 | |g 137324502 |a Höhl, Stefanie |m 137324502:Höhl, Stefanie |d 100000 |d 100200 |e 100000PH137324502 |e 100200PH137324502 |k 0/100000/ |k 1/100000/100200/ |p 1 |x j | ||
| 999 | |a KXP-PPN1521520003 |e 287169253X | ||
| BIB | |a Y | ||
| JSO | |a {"title":[{"title_sort":"Neue Erkenntnisse der Gehirnforschung und ihre Bedeutung für frühes Lernen","title":"Neue Erkenntnisse der Gehirnforschung und ihre Bedeutung für frühes Lernen"}],"origin":[{"dateIssuedDisp":"2014","dateIssuedKey":"2014"}],"recId":"1521520003","id":{"eki":["1521520003"]},"language":["ger"],"person":[{"role":"aut","display":"Höhl, Stefanie","given":"Stefanie","family":"Höhl"},{"family":"Pauen","given":"Sabina","display":"Pauen, Sabina","role":"aut"}],"type":{"bibl":"chapter"},"name":{"displayForm":["Stefanie Höhl, Sabina Pauen"]},"physDesc":[{"extent":"12 S."}],"relHost":[{"id":{"eki":["1603923721"],"isbn":["3866494319","9783866494312"]},"titleAlt":[{"title":"Frühe Kindheit"}],"note":["Literaturangaben"],"origin":[{"publisher":"Budrich","dateIssuedKey":"2014","dateIssuedDisp":"2014","publisherPlace":"Opladen ; Berlin ; Toronto"}],"name":{"displayForm":["Rita Braches-Chyrek, Charlotte Röhner, Heinz Sünker, Michaela Hopf (Hrsg.)"]},"type":{"bibl":"edited-book"},"person":[{"family":"Braches-Chyrek","role":"edt","display":"Braches-Chyrek, Rita","given":"Rita"},{"family":"Röhner","given":"Charlotte","display":"Röhner, Charlotte","role":"edt"},{"role":"edt","display":"Sünker, Heinz","given":"Heinz","family":"Sünker"},{"family":"Hopf","given":"Michaela","role":"edt","display":"Hopf, Michaela"}],"physDesc":[{"extent":"746 Seiten","noteIll":"Illustrationen","noteFormat":"25 cm"}],"title":[{"title_sort":"Handbuch Frühe Kindheit","title":"Handbuch Frühe Kindheit"}],"disp":"Neue Erkenntnisse der Gehirnforschung und ihre Bedeutung für frühes LernenHandbuch Frühe Kindheit","recId":"1603923721","part":{"extent":"12","year":"2014","pages":"121-132","text":"(2014), Seite 121-132"},"language":["ger"]}]} | ||
| SRT | |a HOEHLSTEFANEUEERKENN2014 | ||